000 00485nam a2200181Ia 4500
008 100917s9999 xx 000 0 und d
082 _b2608
100 _aगांधी महात्मा
245 _aपौसन प्रदीप
260 _b---
_c1849
300 _a90
365 _b0.5
520 _aवैद्यक
630 _aपौसन प्रदीप
650 _aवैद्यक
730 _aपौसन प्रदीप
942 _cBOOK
999 _c608002
_d607999